The Da Vinci code / (Robert Langdon Book 2) (Record no. 37809)
[ view plain ]
| 000 -LEADER | |
|---|---|
| fixed length control field | 01191cam a2200361 a 4500 |
| 001 - CONTROL NUMBER | |
| control field | 2002040918 |
| 003 - CONTROL NUMBER IDENTIFIER | |
| control field | DLC |
| 005 - DATE AND TIME OF LATEST TRANSACTION | |
| control field | 20241220114925.0 |
| 008 - FIXED-LENGTH DATA ELEMENTS--GENERAL INFORMATION | |
| fixed length control field | 021025s2003 nyu 000 1 eng |
| 010 ## - LIBRARY OF CONGRESS CONTROL NUMBER | |
| LC control number | 2002040918 |
| 020 ## - INTERNATIONAL STANDARD BOOK NUMBER | |
| International Standard Book Number | 0385504209 (alk. paper) |
| 035 ## - SYSTEM CONTROL NUMBER | |
| System control number | (Sirsi) i9780385504201 |
| 040 ## - CATALOGING SOURCE | |
| Original cataloging agency | DLC |
| Transcribing agency | DLC |
| Modifying agency | DLC |
| Description conventions | rda |
| 050 00 - LIBRARY OF CONGRESS CALL NUMBER | |
| Classification number | PS3552.R685434 |
| Item number | D3 2003 |
| 082 00 - DEWEY DECIMAL CLASSIFICATION NUMBER | |
| Classification number | 813/.54 |
| Edition number | 21 |
| 092 ## - LOCALLY ASSIGNED DEWEY CALL NUMBER (OCLC) | |
| Classification number | BROWN |
| 100 1# - MAIN ENTRY--PERSONAL NAME | |
| Personal name | Brown, Dan, |
| Dates associated with a name | 1964- |
| 9 (RLIN) | 43246 |
| 245 14 - TITLE STATEMENT | |
| Title | The Da Vinci code / (Robert Langdon Book 2) |
| Remainder of title | a novel / |
| Statement of responsibility, etc | Dan Brown. |
| 250 ## - EDITION STATEMENT | |
| Edition statement | 1st ed. |
| 260 ## - PUBLICATION, DISTRIBUTION, ETC. (IMPRINT) | |
| Place of publication, distribution, etc | New York : |
| Name of publisher, distributor, etc | Doubleday, |
| Date of publication, distribution, etc | 2003. |
| 264 ## - Production, Publication, Distribution, Manufacture, and Copyright Notice. | |
| Place of production, publication, distribution, manufacture | New York : |
| Name of producer, publisher, distributor, manufacturer | Doubleday, |
| Date of production, publication, distribution, manufacture, or copyr | 2003. |
| 300 ## - PHYSICAL DESCRIPTION | |
| Extent | 454 p. ; |
| Dimensions | 25 cm. |
| 336 ## - Content Type | |
| Content type term | text |
| 337 ## - Media type | |
| Media type term | unmediated |
| 338 ## - Carrier type | |
| Carrier type term | volume |
| 440 ## - SERIES STATEMENT/ADDED ENTRY--TITLE | |
| Title | Robert Langdon : |
| Volume number/sequential designation | Book 2. |
| 9 (RLIN) | 6364648 |
| 600 00 - SUBJECT ADDED ENTRY--PERSONAL NAME | |
| Personal name | Leonardo, |
| Titles and other words associated with a name | da Vinci, |
| Dates associated with a name | 1452-1519 |
| Form subdivision | Fiction. |
| 9 (RLIN) | 5698965 |
| 650 #0 - SUBJECT ADDED ENTRY--TOPICAL TERM | |
| Topical term or geographic name as entry element | Grail |
| Form subdivision | Fiction. |
| 9 (RLIN) | 5759564 |
| 650 #0 - SUBJECT ADDED ENTRY--TOPICAL TERM | |
| Topical term or geographic name as entry element | Cryptographers |
| Form subdivision | Fiction. |
| 9 (RLIN) | 5699161 |
| 655 #7 - INDEX TERM--GENRE/FORM | |
| Genre/form data or focus term | Mystery fiction. |
| Source of term | gsafd |
| 9 (RLIN) | 6158456 |
| 856 42 - ELECTRONIC LOCATION AND ACCESS | |
| Materials specified | Publisher description |
| Uniform Resource Identifier | <a href="http://www.loc.gov/catdir/description/random044/2002040918.html">http://www.loc.gov/catdir/description/random044/2002040918.html</a> |
| 942 ## - ADDED ENTRY ELEMENTS (KOHA) | |
| Koha item type | BOOK |
| Source of classification or shelving scheme | Dewey Decimal Classification |
| Withdrawn status | Lost status | Source of classification or shelving scheme | Damaged status | Not for loan | Collection code | Home library | Current library | Shelving location | Date acquired | Source of acquisition | Total Checkouts | Total Renewals | Full call number | Barcode | Date last seen | Date checked out | Cost, replacement price | Price effective from | Koha item type |
|---|---|---|---|---|---|---|---|---|---|---|---|---|---|---|---|---|---|---|---|
| Dewey Decimal Classification | Fiction | Wasatch County Library | Wasatch County Library | First Floor | 05/03/2021 | Donation | 17 | 18 | F Brown | 34301001870478 | 03/02/2026 | 01/26/2026 | 24.95 | 05/03/2021 | BOOK |
